Neural Networks and Deep Learning (Record no. 13715)
[ view plain ]
| 000 -LEADER | |
|---|---|
| fixed length control field | 00367nam a22001577a 4500 |
| 003 - CONTROL NUMBER IDENTIFIER | |
| control field | OSt |
| 008 - FIXED-LENGTH DATA ELEMENTS--GENERAL INFORMATION | |
| fixed length control field | 250905b |||||||| |||| 00| 0 eng d |
| 020 ## - INTERNATIONAL STANDARD BOOK NUMBER | |
| International Standard Book Number | 9783031296444 |
| 082 ## - DEWEY DECIMAL CLASSIFICATION NUMBER | |
| Classification number | 006.32 AGN |
| 100 ## - MAIN ENTRY--PERSONAL NAME | |
| Personal name | AGGARWAL,Charu C |
| 245 ## - TITLE STATEMENT | |
| Title | Neural Networks and Deep Learning |
| 250 ## - EDITION STATEMENT | |
| Edition statement | 2nd Ed |
| 260 ## - PUBLICATION, DISTRIBUTION, ETC. (IMPRINT) | |
| Place of publication, distribution, etc | USA |
| Name of publisher, distributor, etc | Springer |
| Date of publication, distribution, etc | 2023 |
| 300 ## - PHYSICAL DESCRIPTION | |
| Extent | 523 |
| 942 ## - ADDED ENTRY ELEMENTS (KOHA) | |
| Source of classification or shelving scheme | Dewey Decimal Classification |
| Koha item type | Text Books |
| Withdrawn status | Lost status | Source of classification or shelving scheme | Damaged status | Not for loan | Collection code | Home library | Current library | Date acquired | Source of acquisition | Cost, normal purchase price | Bill Number | Total Checkouts | Full call number | Acc. no. / Barcode | Date last seen | Actual Cost, discounted price | Bill Date | Koha item type |
|---|---|---|---|---|---|---|---|---|---|---|---|---|---|---|---|---|---|---|
| Dewey Decimal Classification | Computer Science & Engineering in Cyber Security | PIET C-LIBRARY | PIET C-LIBRARY | 30/08/2025 | Zaffa Books | 5163.90 | ZBD0237 | 006.32 AGN | 39680 | 05/09/2025 | 3511.49 | 30/08/2025 | Reference Books |